000 00448nam a22001577a 4500
003 OSt
005 20260401083820.0
008 260401b |||||||| |||| 00| 0 eng d
020 _a9789914529296
_cAvailable in the main library
040 _cKICD
050 _aPL 8703.5 .K53
245 _aMTAALA WA DARAJA YA JUU YA SHULE YA UPILI
_bFASIHI YA KISWAHILI, G10
_cKICD
250 _a1ST ED
260 _aNAIROBI KENYA
_bKICD
_c2025
942 _2ddc
_cBK
_n0
999 _c10011
_d10011